• 首页
  • 本馆介绍
  • 公告通知
  • 最新文献
  • 馆藏检索
  • 电子资源
  • 读者导购
  • 参考咨询
  • 我的图书馆
  • 登录
  • 详细信息显示
  • 放入我的书架
  • 预约/预借图书
  • 作者相关作品
  • 分类相关作品
  • 丛书相关作品
  • 出版社相关作品

书目信息

  • 表格格式
  • 工作单格式
  • 卡片格式
题名:
化妆品.洗涤用品和服饰中有害物质及其防护
    
 
作者: 卢庆生 , 甘卉芳 , 栗建林 编
分册:  
出版信息: 北京   化学工业出版社  2000
页数: 155
开本: 20cm
丛书名: 生活环境中有害因素防护丛书
单 册:
中图分类: R168
科图分类:
主题词: 个人卫生
电子资源:
ISBN: 7-5025-2790-7
000 00789nam0 2200229 450
001 0754114953
005 20070929150154.95
010    @a7-5025-2790-7
100    @a20070929d km y0chiy0120 ea
101 0  @achi
200 1  @a化妆品.洗涤用品和服饰中有害物质及其防护@Ahua zhuang pin.xi di yong pin he fu shi zhong you hai wu zhi ji qi fang hu@f甘卉芳,栗建林,卢庆生 编@Fgan hui fang,li jian lin,lu qing sheng bian
210    @a北京@c化学工业出版社@d2000
215    @a155@d20cm
225 2  @a生活环境中有害因素防护丛书
410  0 @12001 @a生活环境中有害因素防护丛书
606 0  @a个人卫生
690    @aR168@v3
701  0 @a卢庆生@Alu qing sheng@4编
701  0 @a甘卉芳@Agan hui fang@4编
701  0 @a栗建林@Ali jian lin@4编
801  0 @aCN@bPFT@c20070929
905    @a213230@dR168@eh18@f1
    
    化妆品.洗涤用品和服饰中有害物质及其防护/甘卉芳,栗建林,卢庆生 编.-北京:化学工业出版社,2000
    155;20cm.-(生活环境中有害因素防护丛书)
    
    
    ISBN 7-5025-2790-7:
    
●
相关链接 在E读中查询图书 在五车中查询图书 在当当中查询图书 在豆瓣中查询图书


正题名:化妆品·洗涤用品和服饰中有害物质及其防护     索取号:R168/h18         预约/预借

序号 登录号 条形码 馆藏地/架位号 状态 备注
1 6001800   260018000   密集书库-化学系/ [索取号:R168/h18] 在馆    
唐山师范学院图书馆 欢迎您!
大连网信软件有限公司© 版权所有